ბათუმის შოთა რუსთაველის სახელმწიფო უნივერსიტეტის ბიბლიოთეკა

Ваш ребенок растет. От года до трех день за днем (ბიბ.ჩანაწერი № 35524)

000 -LEADER
fixed length control field 00728nam a2200241Ia 4500
001 - CONTROL NUMBER
control field 1385
003 - CONTROL NUMBER IDENTIFIER
control field GE_BSU
008 - FIXED-LENGTH DATA ELEMENTS--GENERAL INFORMATION
fixed length control field 181216s||||||||xx |||||||||||||| ||und||
020 ## - INTERNATIONAL STANDARD BOOK NUMBER
International Standard Book Number 9785271026447
040 ## - CATALOGING SOURCE
Transcribing agency GE_BSU
080 ## - UNIVERSAL DECIMAL CLASSIFICATION NUMBER
Universal Decimal Classification number 616-053.2
100 ## - MAIN ENTRY--PERSONAL NAME
Personal name Арлин, Эизенберг,Хеиди Санди Э. Хатауэй
245 ## - TITLE STATEMENT
Title Ваш ребенок растет. От года до трех день за днем
245 ## - TITLE STATEMENT
Remainder of title Универсальное пособие. Пер. с англ.
260 ## - PUBLICATION, DISTRIBUTION, ETC.
Place of publication, distribution, etc. Москва
260 ## - PUBLICATION, DISTRIBUTION, ETC.
Name of publisher, distributor, etc. Астрель
260 ## - PUBLICATION, DISTRIBUTION, ETC.
Date of publication, distribution, etc. 2008
300 ## - PHYSICAL DESCRIPTION
Extent 717стр.
653 ## - INDEX TERM--UNCONTROLLED
Uncontrolled term Ваш ребенок растет
653 ## - INDEX TERM--UNCONTROLLED
Uncontrolled term медицина
942 ## - ADDED ENTRY ELEMENTS (KOHA)
Koha item type წიგნი
ეგზემპლარები
Withdrawn status Lost status Damaged status Not for loan Date acquired Barcode Date last seen Price effective from Koha item type Public note
        2018-12-17 2406 2018-12-17 2018-12-17 წიგნი დარბაზი
        2018-12-17 2407 2018-12-17 2018-12-17 წიგნი დარბაზი